The Very Hungry Caterpillar's peekaboo valentine / (Record no. 404136)
[ view plain ]
| 000 -LEADER | |
|---|---|
| fixed length control field | 01721pam a2200457 i 4500 |
| 001 - CONTROL NUMBER | |
| control field | 2024046102 |
| 003 - CONTROL NUMBER IDENTIFIER | |
| control field | DLC |
| 005 - DATE AND TIME OF LATEST TRANSACTION | |
| control field | 20250203151902.0 |
| 008 - FIXED-LENGTH DATA ELEMENTS--GENERAL INFORMATION | |
| fixed length control field | 241030s2024 nyua a 000 1 eng |
| 010 ## - LIBRARY OF CONGRESS CONTROL NUMBER | |
| LC control number | 2024046102 |
| 020 ## - INTERNATIONAL STANDARD BOOK NUMBER | |
| International Standard Book Number | 9780593754757 |
| Qualifying information | (board bk.) |
| 020 ## - INTERNATIONAL STANDARD BOOK NUMBER | |
| Cancelled/invalid ISBN | 9780593887677 |
| Qualifying information | (epub) |
| 020 ## - INTERNATIONAL STANDARD BOOK NUMBER | |
| Cancelled/invalid ISBN | 9780593887660 |
| Qualifying information | (Kindle) |
| 035 ## - SYSTEM CONTROL NUMBER | |
| System control number | (OCoLC)1466097241 |
| 040 ## - CATALOGING SOURCE | |
| Original cataloging agency | DLC |
| Language of cataloging | eng |
| Description conventions | rda |
| Transcribing agency | DLC |
| Modifying agency | TnLvILS |
| 042 ## - AUTHENTICATION CODE | |
| Authentication code | pcc |
| -- | cyac |
| 092 ## - LOCALLY ASSIGNED DEWEY CALL NUMBER (OCLC) | |
| Classification number | children holiday board book |
| Item number | Carle |
| 100 1# - MAIN ENTRY--PERSONAL NAME | |
| Personal name | Carle, Eric, |
| Relator term | author, |
| -- | illustrator. |
| 9 (RLIN) | 11841 |
| 245 14 - TITLE STATEMENT | |
| Title | The Very Hungry Caterpillar's peekaboo valentine / |
| Statement of responsibility, etc | Eric Carle. |
| 246 30 - VARYING FORM OF TITLE | |
| Title proper/short title | Peekaboo valentine. |
| 264 #1 - Production, Publication, Distribution, Manufacture, and Copyright Notice. | |
| Place of production, publication, distribution, manufacture | [New York, N.Y.] : |
| Name of producer, publisher, distributor, manufacturer | World of Eric Carle, an imprint of Penguin Random House LLC, |
| Date of production, publication, distribution, manufacture, or copyr | [2024] |
| 300 ## - PHYSICAL DESCRIPTION | |
| Extent | 1 volume (unpaged) : |
| Other physical details | color illustrations ; |
| Dimensions | 21 cm. |
| 336 ## - Content Type | |
| Content type term | text |
| 336 ## - Content Type | |
| Content type term | still image |
| 337 ## - Media type | |
| Media type term | unmediated |
| 338 ## - Carrier type | |
| Carrier type term | volume |
| 500 ## - GENERAL NOTE | |
| General note | Cover title. |
| 500 ## - GENERAL NOTE | |
| General note | On board pages. |
| 520 ## - SUMMARY, ETC. | |
| Summary, etc | "See if you can spot The Very Hungry Caterpillar among a box of chocolates, a decorated valentine, and more!"--Provided by publisher. |
| 521 ## - TARGET AUDIENCE NOTE | |
| Target audience note | Ages 1-3. |
| Source | World of Eric Carle, an imprint of Penguin Random House LLC. |
| 650 #0 - SUBJECT ADDED ENTRY--TOPICAL TERM | |
| Topical term or geographic name as entry element | Caterpillars |
| Form subdivision | Juvenile fiction. |
| 9 (RLIN) | 5698837 |
| 650 #0 - SUBJECT ADDED ENTRY--TOPICAL TERM | |
| Topical term or geographic name as entry element | Valentine's Day |
| Form subdivision | Juvenile fiction. |
| 9 (RLIN) | 5674128 |
| 650 #1 - SUBJECT ADDED ENTRY--TOPICAL TERM | |
| Topical term or geographic name as entry element | Caterpillars |
| Form subdivision | Fiction. |
| 9 (RLIN) | 5698838 |
| 650 #1 - SUBJECT ADDED ENTRY--TOPICAL TERM | |
| Topical term or geographic name as entry element | Valentine's Day |
| Form subdivision | Fiction. |
| 9 (RLIN) | 5674131 |
| 650 #1 - SUBJECT ADDED ENTRY--TOPICAL TERM | |
| Topical term or geographic name as entry element | Stories in rhyme. |
| 650 #1 - SUBJECT ADDED ENTRY--TOPICAL TERM | |
| Topical term or geographic name as entry element | Board books. |
| 655 #7 - INDEX TERM--GENRE/FORM | |
| Genre/form data or focus term | Stories in rhyme. |
| Source of term | lcgft. |
| 655 #7 - INDEX TERM--GENRE/FORM | |
| Genre/form data or focus term | Board books. |
| Source of term | lcgft. |
| 655 #7 - INDEX TERM--GENRE/FORM | |
| Genre/form data or focus term | Picture books. |
| Source of term | lcgft. |
| 942 ## - ADDED ENTRY ELEMENTS (KOHA) | |
| Source of classification or shelving scheme | Dewey Decimal Classification |
| Koha item type | BOOK |
| Withdrawn status | Lost status | Source of classification or shelving scheme | Damaged status | Not for loan | Collection code | Home library | Current library | Shelving location | Date acquired | Source of acquisition | Total Checkouts | Total Renewals | Full call number | Barcode | Checked out | Date last seen | Date checked out | Cost, replacement price | Price effective from | Koha item type |
|---|---|---|---|---|---|---|---|---|---|---|---|---|---|---|---|---|---|---|---|---|
| Dewey Decimal Classification | Children Holiday Board Books | Wasatch County Library | Wasatch County Library | Main Floor Childrens Area | 02/03/2025 | KidsReference | 11 | 7 | BB Valentine's Day Carle | 34301002145011 | 05/01/2026 | 03/05/2026 | 03/05/2026 | 9.99 | 02/03/2025 | BOOK |
